Statystyki dla Flagi ale z zoomem #2

Kliknij tutaj aby rozwiązać quiz!

Ogólne statystyki

  • Ten quiz został rozwiązany 11 razy
  • Średni wynik to 8 z 15

Statystyki odpowiedzi

Odpowiedź% Poprawnych
Brazylia
100%
Kenia
91%
Arabia Saudyjska
82%
Japonia
82%
Gujana
64%
Burundi
55%
Ekwador
55%
Iran
55%
Mikronezja
55%
Zimbabwe
55%
Dominika
45%
Panama
36%
Turkmenistan
18%
Tuvalu
18%
Papua Nowa Gwinea
9%

Rozkład punktacji

Percentyl według liczby udzielonych odpowiedzi

Procent ludzi z każdym wynikiem

Twoja historia wyników

Nie rozwiązałeś tego quizu